1072 1210 1205 1140 1908 1891 1941 1123 1073 1271 1661 1619 1377 1253 1533 1717 1073 1864 1292 1296 1926 1657 1941 1368 1547 1212 1882 1056 1265 1714 1219 1404 1358 1571 1272 1850 1053 1064 1287 1007 1072 1041 1050 1212 1408 1115 1356 1920 1787 1364 1357 1257 1720 1404 1754 1841 1631 1780 1981 1999 1918 1016 1632 1989 1426 1478 1566 1193 1056 1291 1008 1636 1013 1321 1407 1383 1433 1599 1335 1484 1941 1543 1696 1791 1334 1562 1213 1983 1613 1221 1624 1345 1003 1121 1532 1099 1566 1978 1378 BCNSPRNW ULIB Ver.6.0+V

เปลี่ยนเป็นภาษาไทย

Change to English
 แสดงรายละเอียดบรรณานุกรม
  กลับหน้าหลัก

Brief Record : Get Marc (ISO 2709) : E-mail record : QR code < ปิดหน้าต่าง
LEADER : 00000nam 2200000uu 4500
001    13399113974
003     ULIB
008    110208s||||||||th 000 0 tha d
020    9789748817941
060 04 WY18.2^bว587ส 2548
245 00 สาระทบทวน :^bกฎหมายและจรรยาบรรณวิชาชีพการพยาบาล /^cบรรณาธิการ, ละเอียด แจ่มจันทร์, สุรี ขันธรักษวงศ์
246 30 กฎหมายและจรรยาบรรณวิชาชีพการพยาบาล
250    พิมพ์ครั้งที่ 2
260    กรุงเทพฯ :^bจุดทอง, ^c2548
300    144 หน้า ;^c26 ซม.
650  7 การพยาบาล^xกฎหมายและระเบียบข้อบังคับ
650  7 จรรยาบรรณพยาบาล
700 0  ละเอียด แจ่มจันทร์,^eบรรณาธิการ
700 0  สุรี ขันธรักษวงศ์,^eบรรณาธิการ
945    ^p0^l0^i016671
945    ^p0^l0^i016672
945    ^p0^l0^i016673
945    ^p0^l0^i016674
945    ^p0^l0^i016675
945    ^p0^l0^i019185
945    ^p0^l0^i025755
995    ทศพร
999 ^a ใช้งานได้ทุกระบบ
รายการนี้ยังไม่มีแท็ก
คุณยังไม่ได้ล็อกอิน คุณสามารถมีกิจกรรมร่วมกับเว็บไซต์ได้ แต่ต้องล็อกอินก่อน ::
  ล็อกอิน

รายการสื่อสารสนเทศ

ลำดับที่ ประเภท เลขเรียก/บาร์โค้ด สถานที่ สถานะ
- ไม่พบข้อมูล -

รายการใกล้เคียง
    หัวเรื่อง [การพยาบาล กฎหมายและระเบียบข้อบังคับ]
    หัวเรื่อง [จรรยาบรรณพยาบาล]

BibComment


ยังไม่เคยถูกคอมเมนท์

คอมเมนท์ทรัพยากรรายการนี้
  คอมเมนท์: สาระทบทวน กฎหมาย..


 Copyright 2026. Bcnsprnw @Library